| 000 | 00538nam a2200229Ia 4500 | ||
|---|---|---|---|
| 008 | 210210b2010 xxu||||| |||| 00| 0 eng d | ||
| 020 | _a9780195662658 | ||
| 041 | _aeng | ||
| 082 | _a954.022 EATE | ||
| 100 | _aEATON (Richard M) | ||
| 245 | _aEssays on islam and Indian history | ||
| 260 |
_aNew Delhi _bOxford University Press _c2010 |
||
| 300 | _ax,275 | ||
| 650 | _aon | ||
| 650 | _aislam | ||
| 650 | _aIndian | ||
| 650 | _ahistory | ||
| 650 | _aEssays | ||
| 650 | _aand | ||
| 690 | _aIndian History | ||
| 906 | _a064476 | ||
| 999 |
_c141454 _d141454 |
||